Výučba predmetov Automatizácia projektovania a Prípadové štúdie

Predmety Automatizácia projektovania a Prípadové štúdie sú povinnými predmetmi na druhom stupni štúdia odboru Hospodárska informatika na Fakulte hospodárskej informatiky Ekonomickej univerzity v Bratislave. Tieto dva predmety tvoria spolu s ďalšími vyučovanými predmetmi základ vedomostí študentov v...

ver descrição completa

Na minha lista:
Detalhes bibliográficos
Autor principal: Blahušiak, Martin
Formato: Capítulo de Livro
Idioma:eslovaco
Assuntos:
Tags: Adicionar Tag
Sem tags, seja o primeiro a adicionar uma tag!

MARC

LEADER 00000nla$a2200000$$$4500
001 0127944
005 20240502072446.7
041 0 |a slo 
044 |a SK 
245 1 0 |a Výučba predmetov Automatizácia projektovania a Prípadové štúdie  |c Martin Blahušiak 
520 |a Predmety Automatizácia projektovania a Prípadové štúdie sú povinnými predmetmi na druhom stupni štúdia odboru Hospodárska informatika na Fakulte hospodárskej informatiky Ekonomickej univerzity v Bratislave. Tieto dva predmety tvoria spolu s ďalšími vyučovanými predmetmi základ vedomostí študentov v oblasti vývoja informačných systémov a aplikácií. 
610 2 0 |a vzdelávanie vysokoškolské 
610 2 0 |a predmety učebné 
610 2 0 |a informatika 
610 2 0 |a univerzity 
610 2 0 |a projektovanie 
610 2 0 |a štúdie prípadové 
100 1 |a Blahušiak, Martin